Éléments de la théorie des représentations /
Guardado en:
| Autor Principal: | |
|---|---|
| Formato: | Libro |
| Idioma: | French Russian |
| Publicado: |
Moscou :
Mir,
c1974.
|
| Etiquetas: |
Agregar Etiqueta
Sin Etiquetas, Sea el primero en etiquetar este registro!
|
| LEADER | 00709nam a22001935a 4500 | ||
|---|---|---|---|
| 001 | MAT.inmabb003404 | ||
| 008 | 051114s1974####ru#######b####001#0#fre#d | ||
| 005 | 20130304104959.0 | ||
| 245 | 1 | 0 | |a Éléments de la théorie des représentations / |c A. Kirillov ; [traduit du russe par A. Sossinsky]. |
| 260 | |a Moscou : |b Mir, |c c1974. | ||
| 300 | |a 347 p. ; |c 22 cm. | ||
| 500 | |a Traducción de: Elementy teorii predstavlenii. 1972. | ||
| 504 | |a Bibliografía: p. [335]-340. | ||
| 510 | 4 | |a MR, |c 52 #14134 | |
| 100 | 1 | |a Kirillov, A. A. |q (Aleksandr Aleksandrovich), |d 1936- | |
| 240 | 1 | 0 | |a Elementy teorii predstavlenii. |l Francés |
| 084 | |a 22E45 (22-01) |2 msc2000 | ||
| 041 | 1 | |a fre |h rus | |
| 859 | |h 22 |i K58 |p A-4841 |b BIB. MATEMATICA | ||
